Kam tabʻudu al-Qāhirah? : riḥalāt wa-mughāmarāt fī Miṣr wa-mā warāʼahā, 1300-1640 M /
Main Author:
Corporate Author:
Other Authors:
Format: Book
Language: Arabic
Published:
al-Qāhirah :
al-Majlis al-Aʻlá lil-Thaqāfah,
2006.
Edition: al-Ṭabʻah 1.
Series:
Mashrūʻ al-qawmī lil-tarjamah ;
1053.
Subjects:
Tags: Add Tag
Call Number: DT49.98 .W6512 2006
| LEADER | 01241nam a2200313Ia 4500 | ||
|---|---|---|---|
| 003 | OSt | ||
| 005 | 20260324150100.0 | ||
| 008 | 240329s2006 ua b 000 0 ara c | ||
| 020 | |a 9789774370755 | ||
| 040 | |c ARCE Library | ||
| 050 | 4 | |a DT49.98 .W6512 2006 | |
| 100 | 1 | |a Wolff, Anne. | |
| 245 | 1 | 0 | |a Kam tabʻudu al-Qāhirah? : |b riḥalāt wa-mughāmarāt fī Miṣr wa-mā warāʼahā, 1300-1640 M / |c taʼlīf ān Wūlf ; tarjamat wa-taqdīm wa-taʻlīq Qāsim ʻAbduh Qāsim. |
| 250 | |a al-Ṭabʻah 1. | ||
| 264 | 1 | |a al-Qāhirah : |b al-Majlis al-Aʻlá lil-Thaqāfah, |c 2006. | |
| 300 | |a 395 p. ; |c 24 cm. | ||
| 490 | 0 | |a Mashrūʻ al-qawmī lil-tarjamah ; |v 1053. | |
| 500 | |a Translation of: How many miles to Babylon? : travels and adventures to Egypt and beyond, 1300 to 1640. | ||
| 504 | |a Includes bibliographical references (p. 379-393) | ||
| 651 | 0 | |a Egypt |x Description and travel. | |
| 651 | 0 | |a Egypt |x History |y 1250-1517. | |
| 651 | 0 | |a Egypt |x History |y 1517-1882. | |
| 700 | 1 | |a Qāsim, Qāsim ʻAbduh. | |
| 710 | 2 | |a Majlis al-Aʻlá lil-Thaqāfah (Egypt) | |
| 880 | 1 | |6 100-01/r |a وولف، آن | |
| 880 | 1 | 0 | |6 245-02/r |a كم تبعد القاهره؟ |
| 901 | |a reviewed | ||
| 942 | |2 lcc |c BK | ||
| 999 | |c 57759 |d 57759 | ||
